MARC details
| 000 -CABECERA |
| campo de control de longitud fija |
01641nam a2200265 u 4500 |
| 001 - NÚMERO DE CONTROL |
| campo de control |
000007816 |
| 003 - IDENTIFICADOR DEL NÚMERO DE CONTROL |
| campo de control |
OSt |
| 005 - FECHA Y HORA DE LA ÚLTIMA TRANSACCIÓN |
| campo de control |
20260305073950.0 |
| 008 - DATOS DE LONGITUD FIJA--INFORMACIÓN GENERAL |
| campo de control de longitud fija |
090911s1984 dr 000 0 spa d |
| 040 ## - FUENTE DE LA CATALOGACIÓN |
| Centro catalogador/agencia de origen |
DO-SdBNP |
| Lengua de catalogación |
spa |
| Centro/agencia transcriptor |
BNPHU |
| 082 #4 - NÚMERO DE LA CLASIFICACIÓN DECIMAL DEWEY |
| Número de clasificación |
343.729307 |
| Número de documento/Ítem |
A615c |
| 245 00 - MENCIÓN DE TÍTULO |
| Título |
Anomalías y contradicciones en la legislación económica dominicana / |
| Mención de responsabilidad, etc. |
editor Frank Moya Pons. |
| 260 ## - PUBLICACIÓN, DISTRIBUCIÓN, ETC. |
| Lugar de publicación, distribución, etc. |
Santo Domingo : |
| Nombre del editor, distribuidor, etc. |
FORUM, |
| Fecha de publicación, distribución, etc. |
1984. |
| 300 ## - DESCRIPCIÓN FÍSICA |
| Extensión |
109 p. ; |
| Dimensiones |
23 cm. |
| 490 1# - MENCIÓN DE SERIE |
| Mención de serie |
FORUM |
| Designación de volumen o secuencia |
14 |
| 500 ## - NOTA GENERAL |
| Nota general |
Exposiciones presentadas en el Encuentro sobre Las Anomalías y Contradicciones de la Legislación Económica Dominicana, celebrado por FORUM el lunes 28 de mayo de 1984, en el Hotel Santo Domingo Sur. |
| 505 0# - NOTA DE CONTENIDO CON FORMATO |
| Información miscelánea |
Presentación -- |
| Título |
Introducción / |
| Mención de responsabilidad |
Frank Moya Pons -- |
| Título |
Contradicciones jurídicas en la práctica y en la legislación dominicana frente a la Constitución de la República / |
| Mención de responsabilidad |
Luis Julián Pérez -- |
| Título |
Los conflictos de la norma jurídica en la República Dominicana / |
| Mención de responsabilidad |
Wellington Ramos Messina -- |
| Información miscelánea |
Debate -- |
| Título |
Los peligros para la institucionalidad democrática de las disposiciones de legalidad defectuosa / |
| Mención de responsabilidad |
Luis Heredia Bonetti -- |
| Información miscelánea |
Debate -- |
| Título |
Contradicciones de la legislación económica dominicana / |
| Mención de responsabilidad |
Mario Read Vittini -- |
| Información miscelánea |
Debate. |
| 590 ## - NOTA LOCAL (RLIN) |
| Nota local |
Inventariado, 2018/VM |
| 651 #4 - PUNTO DE ACCESO ADICIONAL DE MATERIA--NOMBRE GEOGRÁFICO |
| Nombre geográfico |
República Dominicana |
| Subdivisión general |
Política Económica |
| -- |
Legislación |
| Subdivisión de forma |
Congresos, conferencias, etc. |
| 9 (RLIN) |
21526 |
| 651 #4 - PUNTO DE ACCESO ADICIONAL DE MATERIA--NOMBRE GEOGRÁFICO |
| Nombre geográfico |
República Dominicana |
| Subdivisión general |
Condiciones Económicas |
| Subdivisión de forma |
Congresos, conferencias, etc. |
| 9 (RLIN) |
7000 |
| 700 1# - PUNTO DE ACCESO ADICIONAL--NOMBRE DE PERSONA |
| Nombre de persona |
Moya Pons, Frank, |
| Fechas asociadas al nombre |
1944- |
| Término indicativo de función/relación |
ed. |
| 9 (RLIN) |
2095 |
| 830 #0 - PUNTO DE ACCESO ADICIONAL DE SERIE-TÍTULO UNIFORME |
| Título uniforme |
FORUM |
| Designación de volumen o secuencia |
14 |
| 9 (RLIN) |
7431 |
| 910 ## - DATOS DE OPCIÓN DEL USUARIO (OCLC) |
| Datos de opción del usuario |
Validado. Control de calidad EMS |
| 942 ## - ELEMENTOS DE PUNTO DE ACCESO ADICIONAL (KOHA) |
| Fuente del sistema de clasificación o colocación |
Dewey Decimal Classification |
| Tipo de ítem Koha |
Libro |